00653nam a22001817a 4500010001300000020001000013035001300023037001800036040001200054082001300066100001800079245015900097260003300256270004800289300003000337650007200367650003200439 aA-564758 c60.00 aA-564758 bCen Lib / Ret aDPLbEN a230bWIL aWilson, H. H. aThe Visnu purana :ba system of hindu mythology and tradition text in devanagari english translation notes and appendices etc /ctranslated by H.H. Wilson aDelhibNag Publishers c1980 a8-A, A-3, Jawahar Nagar bNew Delhie110007 a(v 2. ix, 965p)b24cm(Hb) aPuranas. -- Viṣṇupurāṇa -- Criticism, interpretation, etc.  aHinduism -- Social aspects.